| 000 | 00661nam a2200193 a 4500 | ||
|---|---|---|---|
| 008 | 070827s1985 ||||||||||||||||| || u | ||
| 020 | _a0070177708 | ||
| 050 | _aHB 172.5 Dor | ||
| 100 | _aDornbusch, Ridger | ||
| 245 | 1 | 0 |
_aMacroeconomics (3rd ed.) _cRidger Dornbusch; Stanley Fischer |
| 250 | _a3rd ed. | ||
| 260 |
_aAuckland: _bMcGraw-Hill _c1985 |
||
| 300 | _axi, 723p.: ill. | ||
| 350 | _a0.00 | ||
| 650 | _aMICROECONOMICS | ||
| 650 | 0 | _aECONOMICS | |
| 700 | _aFischer, Stanley | ||
| 995 |
_D0.00 _FCBU-MAIN LIBRARY (Kitwe) _H1 _I0.00 _M1 _UAVAILABLE _WAug 27, 2007 _ZAnnex Low-Usage Collection |
||
| 999 |
_c49640 _d49640 |
||